000 00240nam a2200097Ia 4500
001 1173870
005 20250827012622.0
008 250824s9999 xx 000 0 und d
245 0 _aANA S5 10
_cMAKSİM GORKİ
260 _bAKVARYUM YAYINLARI
999 _c1173870
_d1173870